000 00911nam a22003017a 4500
001 BR2015004238
003 BR-BrBNA
005 20230928104709.0
007 ta
008 230509b bl.||||| |||| 00| 0 por d
040 _aBR-BrBNA
_bpor
_cBiblioteca Nacional de Agricultura
041 _a(Por)
072 _aL02
_b5214
090 _ 5214 BR2015004238
100 1 _aSalvati, G.G. de S.
110 1 _aUniversidade Federal de Lavras, MG (Brasil)
_0Tese (Mestrado)
245 1 _aSuplementação de vacas leiteiras com leveduras vivas durante o verão
260 3 _aLavras, MG (Brasil):
_c2014.
300 _a150 p.
500 _aSummaries (Eng, Por); Several bibliography; 8 tables; 7 illus.
650 _aVACA LEITEIRA
650 _aSUPLEMENTO ALIMENTAR
650 _aFERMENTO
650 _aSACCHAROMYCES CEREVISIAE
650 _aVERÃO
909 _a202309
_bLucia
_c55
_dLucia Elande
942 _cBK
999 _c81264
_d81264